| 000 | 00573nam a22001817a 4500 | ||
|---|---|---|---|
| 999 |
_c60689 _d60689 |
||
| 005 | 20231009114858.0 | ||
| 008 | 231009s1989 enk||||| |||| 00| 0 eng d | ||
| 020 | _a0747800057 | ||
| 041 | _aeng | ||
| 080 | _a902(37)+94 B-62 | ||
| 100 |
_aBishop, M. C . _920033 |
||
| 245 |
_aRoman Military Equipment _cM. C . Bishop, Jon Coulston. |
||
| 264 |
_aAylesbury, _c1989. |
||
| 300 |
_a76 p.: _bill. ; _c21 cm. |
||
| 653 | _aრომაული სამხედრო ტექნიკა | ||
| 700 |
_aCoulston, Jon _eრედაქტორი _920034 |
||
| 942 |
_2udc _cBK |
||